书目信息 |
| 题名: |
全国专家型法官司法意见精粹
|
|
| 作者: | ;国家法官学院 编 | |
| 分册: | 1 侵权赔偿卷 | |
| 出版信息: | 北京 中国法制出版社 2013.02 |
|
| 页数: | 373页 | |
| 开本: | 25cm | |
| 丛书名: | ||
| 单 册: | ||
| 中图分类: | D920.4 , D923.74 | |
| 科图分类: | ||
| 主题词: | 法律--研究--中国 , 侵权行为--赔偿--研究--中国 , 法律 , 侵权行为 , 索赔 | |
| 电子资源: | ||
| ISBN: | 978-7-5093-4036-3 | |
| 000 | 01000nam0 2200301 450 | |
| 001 | 010700145755 | |
| 005 | 20130608084233.65 | |
| 010 | @a978-7-5093-4036-3@dCNY86.00 | |
| 100 | @a20130315d2013 em y0chiy50 ea | |
| 101 | 0 | @achi |
| 102 | @aCN@b110000 | |
| 105 | @ak z 000yy | |
| 106 | @ar | |
| 200 | 1 | @a全国专家型法官司法意见精粹@9quan guo zhuan jia xing fa guan si fa yi jian jing cui@h1@i侵权赔偿卷@f国家法官学院编 |
| 210 | @a北京@c中国法制出版社@d2013.02 | |
| 215 | @a373页@d25cm | |
| 330 | @a本书共分为七部分,主要内容包括:侵权责任的一般问题、安全保障义务、机动车交通事故责任、医疗损害责任、产品责任、环境污染责任、其他。 | |
| 333 | @a相关法律工作者、高校法律专业类师生 | |
| 606 | 0 | @a法律@x研究@y中国 |
| 606 | 0 | @a侵权行为@x赔偿@x研究@y中国 |
| 606 | 0 | @a法律 |
| 606 | 0 | @a侵权行为 |
| 606 | 0 | @a索赔 |
| 690 | @aD920.4@v5 | |
| 690 | @aD923.74@v5 | |
| 711 | 02 | @a国家法官学院@9guo jia fa guan xue yuan@4编 |
| 801 | 0 | @aCN@b人天书店@c20130315 |
| 905 | @dD920.4@e1004:1 | |
| 全国专家型法官司法意见精粹.1.侵权赔偿卷/国家法官学院编.-北京:中国法制出版社,2013.02 |
| 373页;25cm |
| 使用对象:相关法律工作者、高校法律专业类师生 |
| ISBN 978-7-5093-4036-3:CNY86.00 |
| 本书共分为七部分,主要内容包括:侵权责任的一般问题、安全保障义务、机动车交通事故责任、医疗损害责任、产品责任、环境污染责任、其他。 |
| ● |
| 相关链接 |
|
|
|
|
正题名:全国专家型法官司法意见精粹
索取号:D920.4/1004:1
 
预约/预借
| 序号 | 登录号 | 条形码 | 馆藏地/架位号 | 状态 | 备注 |
| 1 | 0543963 | 205439630 | 第一样本阅览室/ [索取号:D920.4/1004:1] | 在馆 | |
| 2 | 0543964 | 205439649 | 第一借阅区/ [索取号:D920.4/1004:1] | 在馆 | |
| 3 | 0543965 | 205439658 | 第一借阅区/ [索取号:D920.4/1004:1] | 在馆 | |
| 4 | 0543966 | 205439667 | 第一借阅区/ [索取号:D920.4/1004:1] | 在馆 | |
| 5 | 0543967 | 205439676 | 史法系资料室/ [索取号:D920.4/1004:1] | 在馆 |